000 00364pab a2200133 454500
008 180718b1987 xxu||||| |||| 00| 0 eng d
100 _aChakrabarty, B.K.
245 _aAffordable dwelling - layout system design - a model for optimization
260 _c1987
300 _a283-9
650 _aHousing
773 _aSocio - Economic Planning Sciences
909 _a9788
999 _c9788
_d9788